000 00900nam a22003490a 4500
001 UByD000260
003 AR-LpoUNG
005 20220328190203.0
008 220326s2018||||ag |||||||||||||||||spa d
020 _a9789876842846
040 _aAR-LpoUNG
_bspa
_cAR-LpoUNG
_eaacr
041 _aspa
044 _aag
082 0 _aA864 643man
100 1 _aGonzález, Horacio
245 1 3 _aLa Argentina manuscrita :
_bLa Cautiva en la conciencia social
250 _a1ra. ed., 1ra. reimp.
260 _aBuenos Aires :
_bColihue,
_c2018.
300 _a256 p.
650 4 _aLITERATURA
650 4 _aARGENTINA
650 4 _aIDENTIDAD CULTURAL
650 4 _aHISTORIA CULTURAL
650 4 _aHISTORIA LITERARIA
650 4 _aANALISIS LITERARIO
650 4 _aHISTORIA POLITICA
650 4 _aPOLITICA
650 4 _aCULTURA
650 4 _aENSAYO
905 _a46322
942 _cLSALA
_2ddc
999 _c62983
_d62983